La strada di Swan /

保存先:
書誌詳細
第一著者: Proust, Marcel (著者)
フォーマット: 図書
言語:イタリア語
出版事項: Torino : Einaudi, 1990
シリーズ:Scrittori tradotti da scrittori ; 35
タグ: タグ追加
タグなし, このレコードへの初めてのタグを付けませんか!

MARC

LEADER 00000nam a22000007i 4500
001 IT\ICCU\RLZ\0206869
003 ItRI
005 20251021185821.0
008 020701s1990 it |||||| ||||| |||||c
020 |a 880611803X 
040 |b ita  |c Arcigay Viterbo 
041 7 |a ita  |2 ISO-639-2 
100 1 |a Proust, Marcel  |0 IT\ICCU\CFIV\007392  |4 aut 
245 1 3 |a La strada di Swan /  |c Marcel Porust ; traduzione di Natalia Ginzburg. 
260 |a Torino :  |b Einaudi,  |c 1990 
300 |a 567 p. ;  |c 17 cm 
830 0 |a Scrittori tradotti da scrittori ;  |v 35  |0 IT\ICCU\CFI\0000164 
942 |2 ddc  |c BK  |n 0 
981 1 |6 z01  |a i   |b xxxe  
982 1 |6 z01  |a n 
999 |c 8176  |d 8176